|
|
|
|
| LEADER |
02367cam a2200349 i 4500 |
| 001 |
GR-MES16921 |
| 003 |
GR-PaULI |
| 005 |
20250212123656.0 |
| 008 |
150120t2006 gr a g b 001 0 gre d |
| 020 |
|
|
|a 9603516740
|
| 020 |
|
|
|a 69789603516740
|
| 020 |
|
|
|a 9789603516743
|
| 040 |
|
|
|a GrPaTEI
|b gre
|c GR-PaULI
|d GR-AiPI
|e AACR2
|
| 082 |
0 |
4 |
|a 636
|2 23
|
| 100 |
1 |
|
|a Ρογδάκης, Εμμανουήλ
|e συγγραφέας.
|9 18669
|
| 245 |
1 |
0 |
|a Γενική ζωοτεχνία /
|c Εμμανουήλ Ρογδάκης.
|
| 260 |
|
|
|a Αθήνα :
|b Σταμούλης,
|c c2006.
|
| 300 |
|
|
|a 652 σ. :
|b εικ. ;
|c 24 εκ.
|
| 500 |
|
|
|a Σύστημα Εύδοξος αρ.εισ. 27589,27870
|
| 504 |
|
|
|a Περιλαμβάνει βιβλιογραφία και ευρετήριο.
|
| 650 |
|
4 |
|a Αγροτικά ζώα
|9 183428
|
| 650 |
|
4 |
|a Ζωοτεχνία
|9 17172
|
| 942 |
|
|
|2 ddc
|c BK15
|
| 952 |
|
|
|0 0
|1 4
|2 ddc
|4 0
|6 636_082000000000000_4_ΡΟΓ
|7 0
|9 274933
|a MSLG
|b MSLG
|c EUD
|d 2021-01-17
|e 24
|f 0
|g 0.00
|l 0
|o 636.082 4 ΡΟΓ
|p 2420000027870
|r 2021-01-17 00:00:00
|t 1
|v 2021.00
|w 2021-01-17
|y BK15
|x Μεταφορά από Αμαλιάδα (18/10/22)
|x GrPaTEI
|
| 952 |
|
|
|0 0
|1 0
|2 ddc
|4 0
|6 636_000000000000000_ΡΟΓ
|7 0
|9 274934
|a MSLG
|b MSLG
|c EUD
|d 2021-01-17
|e 24
|f 0
|g 0.00
|i 27589
|l 0
|o 636 ΡΟΓ
|p 2420000027589
|r 2021-01-17 00:00:00
|t 2
|v 2021.00
|w 2021-01-17
|y BK15
|x 20150120 0 Κ.Γ. 1
|x GrPaTEI
|
| 952 |
|
|
|0 0
|1 0
|2 ddc
|4 0
|6 636_000000000000000_ΡΟΓ
|7 0
|9 274935
|a MSLG
|b MSLG
|c EUD
|d 2021-01-17
|e 24
|f 0
|g 0.00
|i 29191
|l 0
|o 636 ΡΟΓ
|p 99242000029191
|r 2021-01-17 00:00:00
|t 3
|v 2021.00
|w 2021-01-17
|y BK15
|x GrPaTEI
|
| 952 |
|
|
|0 0
|1 0
|2 ddc
|4 0
|6 636_000000000000000_ΡΟΓ
|7 0
|9 354312
|a LISA
|b LISA
|c BSC
|d 2022-01-13
|i 16471
|l 0
|o 636 ΡΟΓ
|p 025000268024
|r 2022-01-13 00:00:00
|t 4
|w 2022-01-13
|y BK15
|
| 952 |
|
|
|0 0
|1 0
|2 ddc
|4 0
|6 636_000000000000000_ΡΟΓ
|7 0
|9 354315
|a LISA
|b LISA
|c BSC
|d 2022-01-13
|i 16473
|l 1
|m 1
|o 636 ΡΟΓ
|p 025000268026
|r 2023-01-16 00:00:00
|s 2022-11-29
|t 5
|w 2022-01-13
|y BK15
|
| 952 |
|
|
|0 0
|1 0
|2 ddc
|4 0
|6 636_000000000000000_ΡΟΓ
|7 0
|9 354316
|a LISA
|b LISA
|c BSC
|d 2022-01-13
|i 16472
|l 0
|o 636 ΡΟΓ
|p 025000268025
|r 2022-01-13 00:00:00
|t 6
|w 2022-01-13
|y BK15
|
| 952 |
|
|
|0 0
|1 0
|2 ddc
|4 0
|6 636_000000000000000_ΡΟΓ
|7 0
|9 355297
|a MSLG
|b MSLG
|c EUD
|d 2022-01-28
|i 29791
|l 0
|o 636 ΡΟΓ
|p 992420029791
|r 2022-01-28 00:00:00
|t 7
|w 2022-01-28
|y BK15
|
| 998 |
|
|
|c ΛΟΥΚΟΠΟΥΛΟΥ
|d 2022-01
|
| 999 |
|
|
|c 159224
|d 159224
|